مكتبة جامعة عجلون الوطنية

فهرس بحث المكتبة

Normal view MARC view
  • الرفاعي،تماضر ، سلامه،ياسر خالد/تدقيق لغوي

Entry Personal Name

Number of records used in: 1

001 - CONTROL NUMBER

  • control field: 14677

003 - CONTROL NUMBER IDENTIFIER

  • control field: JO-AjAnu

005 - DATE AND TIME OF LATEST TRANSACTION

  • control field: 20230606072637.0

008 - FIXED-LENGTH DATA ELEMENTS

  • fixed length control field: 230606|| aca||aabn | a|a d

040 ## - CATALOGING SOURCE

  • Original cataloging agency: JO-AjAnu
  • Transcribing agency: JO-AjAnu

100 ## - HEADING--PERSONAL NAME

  • Personal name: الرفاعي،تماضر ، سلامه،ياسر خالد/تدقيق لغوي

670 ## - SOURCE DATA FOUND

  • Source citation: Work cat.: (JO-AjAnu)7538: الرفاعي،تماضر ، سلامه،ياسر خالد/تدقيق لغوي, author, للنساء فقط:رحلة المرأة من البلوغ الى سن اليأس:مواصفات فارس الاحلام-تخلصي من الحيرة والقلق-التجهيزات اللازمة للعروس-متى اصبح اما